[Event "Gipuzkoako Txapelketa Nagusia"]
[Site "Zarautz"]
[Date "2009.11.28"]
[Round "6.1"]
[White "Beitia Amador-Carrandi, Ernesto"]
[Black "Garro Beraza, Haritz"]
[Result "1/2-1/2"]
[WhiteElo "1988"]
[BlackElo "2073"]
[PlyCount "47"]
[EventDate "2009.10.24"]
[EventRounds "7"]
[EventCountry "ESP"]

1. e4 c5 2. Ne2 d6 3. d4 cxd4 4. Nxd4 Nf6 5. Nc3 a6 6. Be3 e6 7. g4 e5 8. Nf5
h5 9. g5 Nxe4 10. Nxg7+ Bxg7 11. Nxe4 d5 12. Ng3 Bg4 13. Be2 d4 14. Bxg4 hxg4
15. Bd2 Qd7 16. Qe2 Nc6 17. Qe4 Ne7 18. O-O-O O-O-O 19. Kb1 Kb8 20. Bb4 Nd5 21.
Bd2 Rhe8 22. Nf5 Bh8 23. Qxg4 e4 24. Nh6 1/2-1/2

[Event "Gipuzkoako Txapelketa Nagusia"]
[Site "Zarautz"]
[Date "2009.11.28"]
[Round "6.1"]
[White "Tejedor Txapartegui, Nabar"]
[Black "Irure Crespo, Egoitz"]
[Result "1/2-1/2"]
[WhiteElo "2044"]
[BlackElo "1967"]
[PlyCount "40"]
[EventDate "2009.10.24"]
[EventRounds "7"]
[EventCountry "ESP"]

1. e4 d5 2. exd5 Qxd5 3. Nc3 Qd8 4. Bc4 Nf6 5. Nf3 Bf5 6. Ne5 e6 7. d3 c6 8.
Qe2 Nbd7 9. Bf4 Nxe5 10. Bxe5 Bd6 11. a4 O-O 12. O-O Ng4 13. Bg3 Bxg3 14. fxg3
Qd4+ 15. Kh1 Qe3 16. Rae1 Qxe2 17. Rxe2 Nf6 18. h3 Rad8 19. g4 Bg6 20. Ref2 Nd5
1/2-1/2

[Event "Gipuzkoako Txapelketa Nagusia"]
[Site "Zarautz"]
[Date "2009.11.28"]
[Round "6.1"]
[White "Garrido Fernandez, David"]
[Black "Argandona Riveiro, Jon"]
[Result "1-0"]
[WhiteElo "1969"]
[BlackElo "1979"]
[PlyCount "111"]
[EventDate "2009.10.24"]
[EventRounds "7"]
[EventCountry "ESP"]

1. e4 d6 2. d4 Nf6 3. Nc3 e5 4. f4 exd4 5. Qxd4 Nc6 6. Qd1 g6 7. Nf3 Bg7 8. Bd3
O-O 9. O-O a6 10. h3 b5 11. Re1 Bb7 12. Ne2 Re8 13. Ng3 Nb4 14. Bd2 Nxd3 15.
cxd3 c5 16. f5 b4 17. Qb3 Nd7 18. fxg6 hxg6 19. Bg5 Qb6 20. Kh1 a5 21. a4 Qc7
22. Bf4 Ne5 23. Nxe5 Bxe5 24. Bxe5 Rxe5 25. d4 cxd4 26. Rad1 Qc5 27. Rc1 Qb6
28. Rf1 Rf8 29. Rf6 Kg7 30. Rcf1 Qc7 31. Qd3 Qc5 32. Qf3 Qc4 33. b3 Qc7 34.
Rxg6+ Kxg6 35. Qf6+ Kh7 36. Nf5 Rxf5 37. Qxf5+ Kh8 38. Qh5+ Kg8 39. Qg5+ Kh8
40. Qf6+ Kg8 41. Rf4 Qc1+ 42. Kh2 Qxf4+ 43. Qxf4 Re8 44. Qxd6 Bxe4 45. Qxd4 Bg6
46. Qd5 Re3 47. Qd8+ Kh7 48. Qd5 Rd3 49. Qxa5 Rxb3 50. Qd5 Rb1 51. h4 b3 52. h5
Bc2 53. Qxf7+ Kh6 54. g4 b2 55. Qf6+ Kh7 56. Qe7+ 1-0

[Event "Gipuzkoako Txapelketa Nagusia"]
[Site "Zarautz"]
[Date "2009.11.28"]
[Round "6.1"]
[White "Nogues Fernandez, Ramon"]
[Black "Olabe Odriozola, Eduardo"]
[Result "1/2-1/2"]
[WhiteElo "1862"]
[BlackElo "1830"]
[PlyCount "37"]
[EventDate "2009.10.24"]
[EventRounds "7"]
[EventCountry "ESP"]

1. e4 e5 2. Nf3 d6 3. d4 exd4 4. Nxd4 Nf6 5. Nc3 Be7 6. Bc4 O-O 7. O-O c6 8. a4
Nxe4 9. Nxe4 d5 10. Bd3 dxe4 11. Bxe4 Bf6 12. Nf5 Nd7 13. c3 Nc5 14. Bc2 Bxf5
15. Bxf5 Qxd1 16. Rxd1 Nb3 17. Rb1 Nxc1 18. Rbxc1 Rad8 19. Kf1 1/2-1/2

[Event "Gipuzkoako Txapelketa Nagusia"]
[Site "Zarautz"]
[Date "2009.11.28"]
[Round "6.1"]
[White "Arana Garate, Jon"]
[Black "Bello Castano, Diego"]
[Result "1/2-1/2"]
[WhiteElo "1952"]
[BlackElo "1928"]
[PlyCount "26"]
[EventDate "2009.10.24"]
[EventRounds "7"]
[EventCountry "ESP"]

1. d4 d5 2. Nf3 c6 3. c4 Nf6 4. Nc3 Bg4 5. Ne5 Bf5 6. e3 e6 7. Be2 dxc4 8. Bxc4
Bd6 9. Bd3 Bxe5 10. Bxf5 Bxd4 11. Bd3 Bb6 12. O-O O-O 13. Qc2 Nbd7 1/2-1/2

[Event "Gipuzkoako Txapelketa Nagusia"]
[Site "Zarautz"]
[Date "2009.11.28"]
[Round "6.1"]
[White "Alvarado Fernandez, Mikel"]
[Black "Paredes Macarro, Manuel"]
[Result "1-0"]
[WhiteElo "2016"]
[BlackElo "1860"]
[PlyCount "101"]
[EventDate "2009.10.24"]
[EventRounds "7"]
[EventCountry "ESP"]

1. d4 d5 2. Bg5 c5 3. dxc5 Nc6 4. Nd2 Nf6 5. Bxf6 gxf6 6. c3 a5 7. a4 Bf5 8. e3
e5 9. Nb3 Be7 10. Nf3 O-O 11. Be2 Qc7 12. Nh4 Be6 13. Bg4 Qd7 14. Bxe6 Qxe6 15.
Qh5 Kh8 16. Qf5 Rfc8 17. O-O Nd8 18. Rfd1 Bxc5 19. Nxc5 Rxc5 20. Rd2 Nc6 21.
Rad1 Ne7 22. Qh5 Rg8 23. Kh1 Rg5 24. Qe2 Rc4 25. Nf3 Rgg4 26. h3 Rge4 27. Kh2
Rxa4 28. g3 d4 29. cxd4 exd4 30. Nxd4 Qe5 31. Nc2 Qg5 32. Qf3 f5 33. Rd8+ Kg7
34. b3 Ra2 35. R8d2 h5 36. Rc1 h4 37. g4 a4 38. bxa4 Rexa4 39. gxf5 Qxf5 40.
Rg1+ Kh7 41. Qg2 Ng6 42. Rc1 Rc4 43. f4 b5 44. Nd4 Rxd2 45. Qxd2 Qc5 46. Rg1
Nxf4 47. Qf2 Ng6 48. Qxf7+ Kh8 49. Qxg6 Qe5+ 50. Kh1 Qd5+ 51. e4 1-0

[Event "Gipuzkoako Txapelketa Nagusia"]
[Site "Zarautz"]
[Date "2009.11.28"]
[Round "6.1"]
[White "Lazkano Gaite, Tomas"]
[Black "Juez Villar, Erik"]
[Result "0-1"]
[WhiteElo "1731"]
[BlackElo "1938"]
[PlyCount "66"]
[EventDate "2009.10.24"]
[EventRounds "7"]
[EventCountry "ESP"]

1. d4 Nf6 2. c4 e5 3. dxe5 Ng4 4. Bf4 g5 5. Bd2 f5 6. exf6 Bc5 7. e3 Nxf6 8.
Be2 O-O 9. Nf3 Ne4 10. Nc3 Nxf2 11. Kxf2 g4 12. Ne4 gxf3 13. Bxf3 Qh4+ 14. Ng3
Nc6 15. Bc3 Qxc4 16. Rf1 d5 17. Kg1 Bxe3+ 18. Kh1 Be6 19. Qc2 d4 20. Be4 dxc3
21. Bxh7+ Kh8 22. Bd3 Nb4 23. Bxc4 Nxc2 24. Bxe6 Nxa1 25. Rxa1 cxb2 26. Rb1 Rf2
27. h3 Bf4 28. Nf1 Re8 29. Bf5 Bc1 30. Ng3 Rxf5 31. Nxf5 Re1+ 32. Kh2 Bf4+ 33.
g3 Bxg3+ 0-1

[Event "Gipuzkoako Txapelketa Nagusia"]
[Site "Zarautz"]
[Date "2009.11.28"]
[Round "6.1"]
[White "Velte, Daniela"]
[Black "Fernandez Zubitur, Jokin"]
[Result "0-1"]
[WhiteElo "1763"]
[BlackElo "1869"]
[PlyCount "84"]
[EventDate "2009.10.24"]
[EventRounds "7"]
[EventCountry "ESP"]

1. Nf3 Nf6 2. d4 d5 3. g3 c5 4. Bg2 e6 5. O-O Be7 6. Be3 b6 7. c4 O-O 8. Qc2
cxd4 9. Nxd4 Bb7 10. Rd1 Nc6 11. Nxc6 Bxc6 12. cxd5 Bxd5 13. Bg5 Rc8 14. Nc3
Qc7 15. Bxf6 Bxf6 16. e4 Bb7 17. Rac1 Bxc3 18. bxc3 Qc5 19. Rd7 Rc7 20. Rcd1 g6
21. c4 Ba6 22. Qb2 Bxc4 23. Rxc7 Qxc7 24. Rc1 Rc8 25. a4 Qd7 26. Qa1 Bb3 27.
Rxc8+ Qxc8 28. Bf1 Qc6 29. Qd4 Bxa4 30. Qd8+ Qe8 31. Qc7 Qd7 32. Qb8+ Kg7 33.
Bc4 Qd4 34. Bxe6 fxe6 35. Qxa7+ Bd7 36. Qb7 b5 37. Kg2 Qd6 38. f3 b4 39. h4
Qd2+ 40. Kh3 Qd1 41. Qxb4 Qh1+ 42. Kg4 e5+ 0-1

[Event "Gipuzkoako Txapelketa Nagusia"]
[Site "Zarautz"]
[Date "2009.11.28"]
[Round "6.1"]
[White "Puga Senar, Fernando"]
[Black "Garro Beraza, Julen"]
[Result "0-1"]
[WhiteElo "1714"]
[BlackElo "1856"]
[PlyCount "62"]
[EventDate "2009.10.24"]
[EventRounds "7"]
[EventCountry "ESP"]

1. d4 Nf6 2. c4 g6 3. Nc3 Bg7 4. e4 d6 5. f4 O-O 6. Nf3 c5 7. d5 e6 8. Be2 exd5
9. cxd5 Re8 10. e5 dxe5 11. fxe5 Ng4 12. Bg5 Qb6 13. Na4 Qc7 14. e6 fxe6 15. d6
Qc6 16. Rc1 b6 17. b4 Nd7 18. O-O Bb7 19. b5 Qd5 20. Bc4 Qxd1 21. Rcxd1 h6 22.
Be7 Bd5 23. Rxd5 exd5 24. Bxd5+ Kh7 25. Bxa8 Rxa8 26. Nh4 Rc8 27. Nf3 c4 28. h3
Ne3 29. Re1 c3 30. Kf2 Nd5 31. Rc1 Rc4 0-1

[Event "Gipuzkoako Txapelketa Nagusia"]
[Site "Zarautz"]
[Date "2009.11.28"]
[Round "6.1"]
[White "Kuende Gorostidi, Jon"]
[Black "Izagirre Alsua, Aritz"]
[Result "1-0"]
[WhiteElo "1805"]
[BlackElo "1837"]
[PlyCount "43"]
[EventDate "2009.10.24"]
[EventRounds "7"]
[EventCountry "ESP"]

1. e4 c5 2. Nf3 d6 3. d4 cxd4 4. Nxd4 Nf6 5. Nc3 g6 6. Be3 Bg7 7. f3 Nc6 8. Qd2
Bd7 9. O-O-O O-O 10. g4 Qa5 11. Nb3 Qc7 12. Bh6 Rfc8 13. Bxg7 Kxg7 14. h4 Be6
15. h5 a5 16. hxg6 fxg6 17. Qh6+ Kg8 18. Bh3 Ne5 19. g5 Bxh3 20. gxf6 exf6 21.
Rxh3 b5 22. Nd5 1-0

[Event "Gipuzkoako Txapelketa Nagusia"]
[Site "Zarautz"]
[Date "2009.12.05"]
[Round "7.1"]
[White "Martin Alvarez, Inigo"]
[Black "Ezpeleta Pradera, Juan Francisc"]
[Result "1-0"]
[WhiteElo "2227"]
[BlackElo "2072"]
[PlyCount "71"]
[EventDate "2009.10.24"]
[EventRounds "7"]
[EventCountry "ESP"]

1. e4 c5 2. Nf3 e6 3. d4 cxd4 4. Nxd4 Nf6 5. Nc3 Nc6 6. Ndb5 d6 7. Bf4 e5 8.
Bg5 a6 9. Na3 b5 10. Bxf6 gxf6 11. Nd5 Bg7 12. Bd3 Be6 13. O-O f5 14. Qh5 O-O
15. exf5 Bxd5 16. f6 e4 17. fxg7 Re8 18. Qxd5 Nb4 19. Qb3 Nc6 20. Be2 b4 21.
Nb1 Nd4 22. Qc4 Qf6 23. Rd1 Nxe2+ 24. Qxe2 Qxb2 25. Nd2 Qxc2 26. Qc4 Rac8 27.
Qxc2 Rxc2 28. Nf1 a5 29. Rxd6 Re5 30. Ne3 Rc3 31. g4 Kxg7 32. Nf5+ Kf8 33. Rad1
a4 34. Ra6 Rd3 35. Rc1 Re8 36. Rxa4 1-0

[Event "Gipuzkoako Txapelketa Nagusia"]
[Site "Zarautz"]
[Date "2009.12.05"]
[Round "7.1"]
[White "Argandona Riveiro, Inigo"]
[Black "Olmo Vega, Diego"]
[Result "1-0"]
[WhiteElo "2375"]
[BlackElo "2000"]
[PlyCount "113"]
[EventDate "2009.10.24"]
[EventRounds "7"]
[EventCountry "ESP"]

1. d4 Nf6 2. Nf3 g6 3. c4 Bg7 4. Nc3 d5 5. Qb3 dxc4 6. Qxc4 O-O 7. e4 Na6 8.
Be2 c5 9. d5 e6 10. Bg5 Qb6 11. O-O exd5 12. exd5 Qb4 13. Rfd1 h6 14. Bf4 Bg4
15. a3 Qxc4 16. Bxc4 Bxf3 17. gxf3 Nb8 18. Nb5 Nbd7 19. Nc7 Rac8 20. Bd6 Nb6
21. Bf1 Rfd8 22. Be7 Rd7 23. d6 Ne8 24. Nxe8 Rxe8 25. Bb5 Rexe7 26. dxe7 Rxe7
27. Rd8+ Kh7 28. a4 a6 29. Bd3 Nd7 30. f4 f5 31. Rd1 Bd4 32. b4 Nf6 33. bxc5
Bxc5 34. Rc1 Ba7 35. h3 Nh5 36. Rc4 b5 37. axb5 axb5 38. Rb4 Kg7 39. Kh1 Nf6
40. Rxb5 Rc7 41. Be2 Bc5 42. Bf3 Be7 43. Ra8 Bf8 44. Ra6 Rd7 45. Rbb6 Be7 46.
Rc6 Bd8 47. Kg2 Kf7 48. Be2 Be7 49. Bc4+ Kg7 50. Kf3 Bd8 51. Kg2 Be7 52. Be6
Rb7 53. Bc8 Rb8 54. Ra7 Kf8 55. Be6 Ne8 56. Ba2 Nf6 57. Rxe7 1-0

[Event "Gipuzkoako Txapelketa Nagusia"]
[Site "Zarautz"]
[Date "2009.12.05"]
[Round "7.1"]
[White "Guijarro Galan, Jose Luis"]
[Black "Agirretxe San Sebastian, Jesus"]
[Result "1/2-1/2"]
[WhiteElo "2085"]
[BlackElo "2164"]
[PlyCount "91"]
[EventDate "2009.10.24"]
[EventRounds "7"]
[EventCountry "ESP"]

1. e4 c6 2. d4 d5 3. e5 Bf5 4. Bd3 Bxd3 5. Qxd3 e6 6. f4 Qa5+ 7. c3 Qa6 8. Ke2
Nh6 9. Nf3 c5 10. Be3 c4 11. Qc2 Nc6 12. Nbd2 Ne7 13. Rhg1 f5 14. h3 Nf7 15.
Kf2 g6 16. b4 Bg7 17. a4 O-O 18. Nb1 Qc6 19. b5 Qd7 20. Bc1 a5 21. Nbd2 b6 22.
Nf1 Kh8 23. g4 Rg8 24. g5 h5 25. Nh4 Kh7 26. Ng3 Bf8 27. Qe2 Kg7 28. Nxg6 Kxg6
29. Nxh5 Rh8 30. Nf6 Qc7 31. Rh1 Ng8 32. Nxg8 Rxg8 33. h4 Nh6 34. gxh6 Bxh6 35.
Rg1+ Kh7 36. Rg5 Qf7 37. Ba3 Bxg5 38. fxg5 Qg6 39. Be7 f4 40. Qg4 Qc2+ 41. Kg1
Qxc3 42. Qh5+ Kg7 43. Bf6+ Kf8 44. Qh6+ Ke8 45. Qh5+ Kf8 46. Qh6+ 1/2-1/2

[Event "Gipuzkoako Txapelketa Nagusia"]
[Site "Zarautz"]
[Date "2009.12.05"]
[Round "7.1"]
[White "Alcaide Luque, Aitor"]
[Black "Galarza Cenzano, Inigo"]
[Result "1-0"]
[WhiteElo "2104"]
[BlackElo "2042"]
[PlyCount "61"]
[EventDate "2009.10.24"]
[EventRounds "7"]
[EventCountry "ESP"]

1. d4 Nf6 2. Nf3 e6 3. Bg5 Be7 4. e3 d6 5. Bd3 Nbd7 6. Nbd2 Nd5 7. Bxe7 Qxe7 8.
O-O Nb4 9. Bc4 a5 10. c3 Na6 11. Qa4 d5 12. Bd3 c6 13. Rae1 f5 14. Qxa5 b6 15.
Qa4 O-O 16. Qxc6 Ra7 17. Qa4 g5 18. Bb5 g4 19. Ne5 Nxe5 20. dxe5 Nc5 21. Qb4
Rxa2 22. Ra1 Qa7 23. Rxa2 Qxa2 24. f3 gxf3 25. Nxf3 Ba6 26. Ng5 Bxb5 27. Qxb5
Qa7 28. b4 Ne4 29. Nxe6 Nxc3 30. Qd3 Re8 31. Qxc3 1-0

[Event "Gipuzkoako Txapelketa Nagusia"]
[Site "Zarautz"]
[Date "2009.12.05"]
[Round "7.1"]
[White "Manso Marquez, Felix"]
[Black "Lakunza Plazaola, Asier"]
[Result "1-0"]
[WhiteElo "2087"]
[BlackElo "2089"]
[PlyCount "77"]
[EventDate "2009.10.24"]
[EventRounds "7"]
[EventCountry "ESP"]

1. d4 Nf6 2. c4 e6 3. Nc3 Bb4 4. e3 c5 5. Nge2 cxd4 6. exd4 O-O 7. a3 Be7 8.
Nf4 d6 9. Be2 e5 10. dxe5 dxe5 11. Qxd8 Bxd8 12. Nfd5 Nxd5 13. cxd5 Nd7 14. Be3
Nf6 15. Rd1 Bd7 16. O-O a6 17. f3 Rc8 18. Rd2 h6 19. Rc1 Ne8 20. Rdc2 Be7 21.
Ne4 Rxc2 22. Rxc2 Nf6 23. Rc7 Rd8 24. Nxf6+ Bxf6 25. Rxb7 Bc8 26. Rb8 Be7 27.
Bb6 Rf8 28. Bc7 Bc5+ 29. Kf1 Ba7 30. Ra8 Bd4 31. b4 Bb7 32. Rxf8+ Kxf8 33. d6
Ke8 34. Bc4 f6 35. b5 Kd7 36. bxa6 Bc6 37. Bb8 Bc5 38. a7 Bxd6 39. Bd3 1-0

[Event "Gipuzkoako Txapelketa Nagusia"]
[Site "Zarautz"]
[Date "2009.12.05"]
[Round "7.1"]
[White "Garro Beraza, Haritz"]
[Black "Garrido Fernandez, David"]
[Result "1-0"]
[WhiteElo "2073"]
[BlackElo "1969"]
[PlyCount "155"]
[EventDate "2009.10.24"]
[EventRounds "7"]
[EventCountry "ESP"]

1. e4 e6 2. d3 d5 3. Nd2 Nf6 4. g3 c5 5. Ngf3 Nc6 6. Bg2 Be7 7. O-O O-O 8. e5
Nd7 9. Re1 Qc7 10. Qe2 b5 11. h4 a5 12. Nf1 b4 13. Bf4 Ba6 14. Ne3 Nb6 15. Ng4
Qd7 16. h5 c4 17. Qd2 Na4 18. b3 cxb3 19. axb3 Nc3 20. h6 g6 21. Bg5 Kh8 22.
Bf6+ Bxf6 23. Nxf6 Qe7 24. Ng5 Rfd8 25. Nfxh7 Nd4 26. Rxa5 Bb7 27. Rxa8 Rxa8
28. Kh2 Nf5 29. Nf6 d4 30. Ng4 Bxg2 31. Kxg2 Nd5 32. Nf3 Rc8 33. Ra1 Qb7 34.
Re1 Qc7 35. Ng5 Qe7 36. Ne4 Qc7 37. Nef6 Nxf6 38. Nxf6 Qxc2 39. Qxc2 Rxc2 40.
Ra1 Nxh6 41. Ra8+ Kg7 42. g4 g5 43. Rd8 Rc3 44. Rxd4 Rxb3 45. Kf3 Ng8 46. Ne4
Kg6 47. Rd7 Rb1 48. Rb7 Nh6 49. Nc5 Rb2 50. Nd7 Kg7 51. Nc5 Kg6 52. Na6 b3 53.
Nc5 Rc2 54. Nd7 b2 55. Nf8+ Kg7 56. Nxe6+ Kg6 57. Nd4 Rd2 58. Rb6+ Kg7 59. Rb3
Rd1 60. Rxb2 Rxd3+ 61. Ke4 Rd1 62. f3 Re1+ 63. Kd5 Rd1 64. Rb7 Kg6 65. Rb8 Kg7
66. Rb3 Rd2 67. Re3 Ng8 68. Ke4 Kg6 69. Nf5 Rd8 70. Rc3 Re8 71. Rc6+ Kh7 72.
Nd6 Re7 73. Rc8 Nh6 74. Nf5 Re6 75. Rf8 Nxf5 76. gxf5 Re7 77. f6 Ra7 78. Kf5
1-0

[Event "Gipuzkoako Txapelketa Nagusia"]
[Site "Zarautz"]
[Date "2009.12.05"]
[Round "7.1"]
[White "Irure Crespo, Egoitz"]
[Black "Beitia Amador-Carrandi, Ernesto"]
[Result "1/2-1/2"]
[WhiteElo "1967"]
[BlackElo "1988"]
[PlyCount "143"]
[EventDate "2009.10.24"]
[EventRounds "7"]
[EventCountry "ESP"]

1. e4 e5 2. Nf3 Nc6 3. Bb5 Nf6 4. O-O Nxe4 5. Qe2 Nd6 6. Bxc6 dxc6 7. Qxe5+ Qe7
8. Qa5 Be6 9. Re1 b6 10. Qc3 c5 11. Nd4 Qd7 12. Nxe6 fxe6 13. Qh3 O-O-O 14.
Qxe6 g6 15. Nc3 Bg7 16. Qxd7+ Kxd7 17. d3 Nf5 18. Bf4 Nd4 19. Rac1 Rde8 20. Kf1
c6 21. Re4 b5 22. Be3 Ne6 23. Re1 Nd4 24. Bxd4 cxd4 25. Ne2 Rxe4 26. dxe4 Ke6
27. Rd1 Rd8 28. c3 c5 29. cxd4 cxd4 30. f4 d3 31. Nc3 Rd4 32. Nxb5 Rxe4 33. Re1
Rxe1+ 34. Kxe1 Bxb2 35. Kd2 Kf5 36. Kxd3 Kxf4 37. Nxa7 Ba3 38. Nb5 Bc5 39. Ke2
Bg1 40. h3 Kg3 41. Kf1 Bc5 42. Nc3 Ba3 43. Nb5 Bc5 44. a4 g5 45. Nc3 Bb4 46.
Ne4+ Kh4 47. Kf2 h5 48. Kf3 g4+ 49. hxg4 hxg4+ 50. Kf2 Ba5 51. Nd6 Bb6+ 52. Kf1
Kg3 53. Nc4 Bd4 54. a5 Kf4 55. a6 Ke4 56. Ke2 Kd5 57. Ne3+ Kc6 58. Nxg4 Kb6 59.
Kd3 Bg7 60. Ke4 Kxa6 61. Ne5 Kb7 62. g4 Kc8 63. Kf5 Kd8 64. Ng6 Ke8 65. g5 Kf7
66. Nf4 Bb2 67. g6+ Kg8 68. Nh5 Bc3 69. Ke6 Bb2 70. Nf6+ Bxf6 71. Kxf6 Kf8 72.
g7+ 1/2-1/2

[Event "Gipuzkoako Txapelketa Nagusia"]
[Site "Zarautz"]
[Date "2009.12.05"]
[Round "7.1"]
[White "Ladron De Guevara Galar, Fco J"]
[Black "Rodriguez Cabrera, Fco  Javier"]
[Result "0-1"]
[WhiteElo "2071"]
[BlackElo "1965"]
[PlyCount "58"]
[EventDate "2009.10.24"]
[EventRounds "7"]
[EventCountry "ESP"]

1. d4 c5 2. d5 e6 3. Nc3 d6 4. e4 a6 5. Nf3 b5 6. a4 b4 7. Nb1 Nf6 8. Bc4 e5 9.
Qe2 Bg4 10. a5 Be7 11. h3 Bh5 12. c3 Qc8 13. Bd2 Bg6 14. Bd3 bxc3 15. Nxc3 O-O
16. O-O Nh5 17. Rfe1 Nd7 18. Ra4 Nf4 19. Bxf4 exf4 20. Qd2 Rb8 21. Re2 Ne5 22.
Nxe5 dxe5 23. f3 Bd6 24. Qc2 f6 25. Ra1 c4 26. Na4 cxd3 27. Qxd3 Rf7 28. Rc2
Rc7 29. Rxc7 Qxc7 {Irreproducible} 0-1

[Event "Gipuzkoako Txapelketa Nagusia"]
[Site "Zarautz"]
[Date "2009.12.05"]
[Round "7.1"]
[White "Juez Villar, Erik"]
[Black "Tejedor Txapartegui, Nabar"]
[Result "1-0"]
[WhiteElo "1938"]
[BlackElo "2044"]
[PlyCount "113"]
[EventDate "2009.10.24"]
[EventRounds "7"]
[EventCountry "ESP"]

1. d4 d5 2. c4 e5 3. dxe5 d4 4. Nf3 Nc6 5. g3 Nge7 6. Bg2 Ng6 7. O-O Ngxe5 8.
Qb3 Be7 9. Bf4 Ng6 10. Nbd2 Nxf4 11. gxf4 Qd6 12. e3 O-O 13. Ne4 Qg6 14. Nxd4
Bh3 15. Ng3 Bxg2 16. Kxg2 h5 17. Nxc6 Qxc6+ 18. f3 h4 19. Ne2 Rad8 20. Rad1
Rxd1 21. Rxd1 h3+ 22. Kf2 Re8 23. Rd5 Bh4+ 24. Ng3 Qg6 25. Qd3 Qf6 26. Qd4 Qg6
27. f5 Bxg3+ 28. hxg3 Qh6 29. Qf4 Qf6 30. Rd2 Qb6 31. Qd4 Qh6 32. Qf4 Qb6 33.
Re2 Rd8 34. Kg1 Rd6 35. Kh2 Rh6 36. Qd4 Qa5 37. b3 Qxf5 38. e4 Qg5 39. e5 Qf5
40. Qe4 Qg5 41. Qxb7 Rg6 42. Qc8+ Kh7 43. Qg4 Qc1 44. Qd4 Qg5 45. Qh4+ Qxh4 46.
gxh4 Rh6 47. Kxh3 g5 48. Rh2 Rxh4+ 49. Kg3 Rxh2 50. Kxh2 Kg6 51. Kh3 c5 52. Kg4
a5 53. f4 gxf4 54. Kxf4 f5 55. exf6 Kxf6 56. Ke4 Ke6 57. a4 1-0

[Event "Gipuzkoako Txapelketa Nagusia"]
[Site "Zarautz"]
[Date "2009.12.05"]
[Round "7.1"]
[White "Segovia Sanchez, Antonio"]
[Black "Nogues Fernandez, Ramon"]
[Result "1-0"]
[WhiteElo "2019"]
[BlackElo "1862"]
[PlyCount "87"]
[EventDate "2009.10.24"]
[EventRounds "7"]
[EventCountry "ESP"]

1. d4 Nf6 2. Nf3 c6 3. Bg5 Qb6 4. Qc1 Ne4 5. Bf4 d6 6. h3 e5 7. Be3 exd4 8.
Bxd4 Qa5+ 9. c3 Be6 10. Nbd2 Nxd2 11. Qxd2 Nd7 12. e4 f6 13. Be3 Ne5 14. Nd4
Bf7 15. b3 d5 16. f4 Ng6 17. b4 Qc7 18. Bd3 dxe4 19. Bxe4 Be7 20. O-O O-O 21.
Nf5 Rfe8 22. Bc2 Bf8 23. Qf2 b6 24. Qg3 Kh8 25. Rfd1 c5 26. Ba4 Red8 27. a3 Ne7
28. Nxe7 Bxe7 29. Qf3 Rxd1+ 30. Rxd1 Rd8 31. Rxd8+ Qxd8 32. Qb7 a5 33. bxc5
bxc5 34. Qb5 Qc7 35. c4 h6 36. Bc2 g5 37. Qb3 Bd6 38. Qd3 Be8 39. Qf5 Qe7 40.
Kf2 Kg8 41. g3 Kh8 42. Bd2 Bc7 43. Bc3 Bd8 44. Bxf6+ 1-0

[Event "Gipuzkoako Txapelketa Nagusia"]
[Site "Zarautz"]
[Date "2009.12.05"]
[Round "7.1"]
[White "Fernandez Zubitur, Jokin"]
[Black "Alvarado Fernandez, Mikel"]
[Result "1/2-1/2"]
[WhiteElo "1869"]
[BlackElo "2016"]
[PlyCount "95"]
[EventDate "2009.10.24"]
[EventRounds "7"]
[EventCountry "ESP"]

1. e4 g6 2. d4 Bg7 3. Nc3 d5 4. exd5 Nf6 5. Bc4 Nbd7 6. Bg5 O-O 7. Bb3 Nb6 8.
Bxf6 Bxf6 9. h3 a5 10. a4 Bd7 11. Nf3 c6 12. dxc6 Bxc6 13. O-O Qc7 14. Nb5 Bxb5
15. axb5 a4 16. Ba2 Nc4 17. b3 Nb2 18. Qe2 Qc3 19. bxa4 Nxa4 20. Qc4 e6 21. Bb3
Rfc8 22. Qxc3 Nxc3 23. b6 Kg7 24. Kh1 Rxa1 25. Rxa1 Rc6 26. Ne5 Rxb6 27. Ra7
Nb5 28. Ra4 Rd6 29. Rb4 Nxd4 30. Nc4 Rd8 31. Rxb7 Ne2 32. Ne3 Rd6 33. g3 h5 34.
Ba4 Rd8 35. Rc7 h4 36. Bd7 Kg8 37. Ng4 Bg5 38. Kg2 hxg3 39. fxg3 Nd4 40. c4 Kg7
41. c5 Rb8 42. c6 Rb2+ 43. Kf1 Nf3 44. Be8 Nd2+ 45. Ke1 Nf3+ 46. Kf1 Nd2+ 47.
Ke1 Nf3+ 48. Kf1 1/2-1/2

[Event "Gipuzkoako Txapelketa Nagusia"]
[Site "Zarautz"]
[Date "2009.12.05"]
[Round "7.1"]
[White "Olabe Odriozola, Eduardo"]
[Black "Cantabrana Garona, Alejandro"]
[Result "1-0"]
[WhiteElo "1830"]
[BlackElo "1789"]
[PlyCount "55"]
[EventDate "2009.10.24"]
[EventRounds "7"]
[EventCountry "ESP"]

1. e4 g6 2. Nc3 Bg7 3. Bc4 e6 4. d3 Ne7 5. Bg5 c6 6. a4 O-O 7. Nge2 d5 8. Bb3
a5 9. O-O Na6 10. f4 Nc5 11. Ba2 d4 12. Nb1 Nxa4 13. Qc1 b5 14. f5 exf5 15.
exf5 Bxf5 16. Rxf5 gxf5 17. Ng3 Qd6 18. Bf4 Qg6 19. Nd2 Nd5 20. Nf3 Nxf4 21.
Qxf4 Rae8 22. Nxf5 Qf6 23. g4 Nb6 24. g5 Qg6 25. N3h4 Be5 26. Qg4 h5 27. Qg2
Qh7 28. g6 1-0

[Event "Gipuzkoako Txapelketa Nagusia"]
[Site "Zarautz"]
[Date "2009.12.05"]
[Round "7.1"]
[White "Garro Beraza, Julen"]
[Black "Arana Garate, Jon"]
[Result "1/2-1/2"]
[WhiteElo "1856"]
[BlackElo "1952"]
[PlyCount "101"]
[EventDate "2009.10.24"]
[EventRounds "7"]
[EventCountry "ESP"]

1. e4 d6 2. d4 Nf6 3. Nc3 g6 4. f4 Bg7 5. Nf3 O-O 6. Bc4 c6 7. e5 Nd5 8. Nxd5
cxd5 9. Bd3 Bg4 10. h3 Bxf3 11. Qxf3 dxe5 12. fxe5 Nc6 13. c3 f6 14. e6 Qd6 15.
Qe2 Nd8 16. O-O Rc8 17. Bb5 Nc6 18. Bf4 Qd8 19. h4 a6 20. Bd3 Qe8 21. Rf3 h5
22. Raf1 f5 23. Qe3 Kh7 24. Rg3 Nd8 25. Re1 Rc6 26. Qf3 Nxe6 27. Be5 Qd7 28.
Qe2 Rf7 29. Rf1 Bxe5 30. Qxe5 Ng7 31. Bc2 Re6 32. Qf4 Re2 33. Rf2 Rxf2 34. Qxf2
Rf6 35. Bb3 Qd6 36. Qf3 e6 37. Qf2 Rf7 38. Re3 Re7 39. Re5 Kg8 40. Qe3 Kf7 41.
c4 dxc4 42. Bxc4 Qb6 43. b3 Qd6 44. a4 Qb6 45. a5 Qd6 46. Qf4 Rd7 47. d5 Kf6
48. dxe6 Re7 49. Qg5+ Kxe5 50. Qe3+ Kf6 51. Qg5+ 1/2-1/2

[Event "Gipuzkoako Txapelketa Nagusia"]
[Site "Zarautz"]
[Date "2009.12.05"]
[Round "7.1"]
[White "Puga Senar, Fernando"]
[Black "D Anna Razzetti, Juan Pablo"]
[Result "1-0"]
[WhiteElo "1714"]
[BlackElo "1818"]
[PlyCount "116"]
[EventDate "2009.10.24"]
[EventRounds "7"]
[EventCountry "ESP"]

1. d4 d5 2. c4 c6 3. Nc3 Nf6 4. Nf3 e6 5. cxd5 exd5 6. Bg5 Be7 7. e3 O-O 8. Be2
Nbd7 9. O-O Ne4 10. Bxe7 Qxe7 11. Bd3 f5 12. Rc1 Rf6 13. a3 Rh6 14. b4 Ndf6 15.
Ne5 Ng4 16. h3 Nxe5 17. dxe5 Qxe5 18. f4 Qe7 19. Nxe4 fxe4 20. Bb1 Bf5 21. Qd2
Rg6 22. Kh2 Rf8 23. a4 Qh4 24. Qf2 Qh5 25. Ba2 Rff6 26. h4 Qg4 27. Rh1 Rh6 28.
Kg1 Rfg6 29. b5 Bd7 30. bxc6 Bxc6 31. Qc2 Qf5 32. h5 Re6 33. Rd1 Re8 34. Qe2
Rd6 35. g4 Qd7 36. a5 Bb5 37. Qg2 Bc4 38. Bb1 Qa4 39. Qd2 Ra6 40. g5 Qxa5 41.
Qd4 Qb6 42. Qc3 Qb3 43. Qd4 Bd3 44. Kf2 Bxb1 45. h6 gxh6 46. gxh6 Qa2+ 47. Ke1
Rg6 48. Rd2 Qc4 49. Qb2 Bd3 50. Kf2 Qc8 51. Rg1 Ree6 52. f5 Qf8 53. Rxg6+ Rxg6
54. Qe5 Rxh6 55. Qxd5+ Kg7 56. Kg3 Qb8+ 57. Kg4 Qc7 58. Rg2 Bc4 {Tiempo} 1-0

[Event "Gipuzkoako Txapelketa Nagusia"]
[Site "Zarautz"]
[Date "2009.12.05"]
[Round "7.1"]
[White "Kuende Gorostidi, Jon"]
[Black "Lazkano Gaite, Tomas"]
[Result "1-0"]
[WhiteElo "1805"]
[BlackElo "1731"]
[PlyCount "81"]
[EventDate "2009.10.24"]
[EventRounds "7"]
[EventCountry "ESP"]

1. e4 c5 2. Nf3 Nc6 3. d4 cxd4 4. Nxd4 Nf6 5. Nc3 e5 6. Ndb5 d6 7. Bg5 a6 8.
Na3 b5 9. Bxf6 gxf6 10. Nd5 Be6 11. Bd3 Bg7 12. Qh5 O-O 13. O-O Ne7 14. c4 Ng6
15. g3 b4 16. Nc2 a5 17. Nce3 Kh8 18. f4 Rg8 19. Kh1 Rb8 20. Rf3 a4 21. Raf1 b3
22. a3 Rb7 23. g4 Bxd5 24. exd5 Re7 25. Rh3 h6 26. Nf5 Qf8 27. g5 fxg5 28. fxg5
e4 29. Nxe7 Qxe7 30. gxh6 Bxb2 31. Re3 Qe5 32. Qxe5+ Nxe5 33. Bxe4 Bxa3 34. h7
Rf8 35. Rg3 Bc5 36. Rf5 f6 37. Rxf6 Rb8 38. Rf5 a3 39. Rfg5 Ng4 40. R3xg4 a2
41. Rg8+ 1-0